Determining wind actions using Eurocode 1 (Record no. 115587)

MARC details
000 -LEADER
fixed length control field 01264cam a22003255a 4500
001 - CONTROL NUMBER
control field L158922
008 - FIXED-LENGTH DATA ELEMENTS--GENERAL INFORMATION
fixed length control field 100114s2015 xxko f 000 0 eng d
020 ## - INTERNATIONAL STANDARD BOOK NUMBER
International Standard Book Number 9781848064256
035 ## - SYSTEM CONTROL NUMBER
System control number (Sirsi) u158922
041 0# - LANGUAGE CODE
Language code of text/sound track or separate title eng
050 04 - LIBRARY OF CONGRESS CALL NUMBER
Classification number 690 $2 18
100 1# - MAIN ENTRY--PERSONAL NAME
Personal name Blackmore, Paul
245 00 - TITLE STATEMENT
Title Determining wind actions using Eurocode 1
Remainder of title Part 3
-- Worked example - calculation of forces on a tower using the full dynamic method
260 ## - PUBLICATION, DISTRIBUTION, ETC.
Place of publication, distribution, etc. Watford
Name of publisher, distributor, etc. BRE
Date of publication, distribution, etc. 2015
300 ## - PHYSICAL DESCRIPTION
Extent 12p.
Other physical details ill.
Dimensions 30cm.
490 #0 - SERIES STATEMENT
Series statement BRE Digest
Volume/sequential designation (DG 436-3)
520 ## - SUMMARY, ETC.
Summary, etc. Demonstrates the calculation procedure for determining wind loads using the full dynamic method from Annex B of BS EN 1991-1-4. It includes example calculations for a two-storey house and a 120 m tall tower on an 8 m podium. This is the third part of a three-part Digest giving guidance on the use of Eurocode 1 (BS EN 1991-1-4).
520 ## - SUMMARY, ETC.
Summary, etc. This update to Part 3 replaces the guidance published in 1999.
521 ## - TARGET AUDIENCE NOTE
Target audience note Advanced
590 ## - LOCAL NOTE (RLIN)
Local note KA
650 24 - SUBJECT ADDED ENTRY--TOPICAL TERM
Topical term or geographic name entry element EUROCODE 1
650 24 - SUBJECT ADDED ENTRY--TOPICAL TERM
Topical term or geographic name entry element WIND LOADING
650 24 - SUBJECT ADDED ENTRY--TOPICAL TERM
Topical term or geographic name entry element WIND CONTROL
650 24 - SUBJECT ADDED ENTRY--TOPICAL TERM
Topical term or geographic name entry element PEAK VELOCITY PRESSURE
651 #4 - SUBJECT ADDED ENTRY--GEOGRAPHIC NAME
Geographic name United Kingdom
Chronological subdivision
690 ## - LOCAL SUBJECT ADDED ENTRY--TOPICAL TERM (OCLC, RLIN)
Topical term or geographic name as entry element Environment
9 (RLIN) 6238
690 ## - LOCAL SUBJECT ADDED ENTRY--TOPICAL TERM (OCLC, RLIN)
Topical term or geographic name as entry element Energy
9 (RLIN) 6237
700 1# - ADDED ENTRY--PERSONAL NAME
Personal name Breeze, Gordon
942 ## - ADDED ENTRY ELEMENTS (KOHA)
Suppress in OPAC 0
Holdings
Withdrawn status Lost status Source of classification or shelving scheme Damaged status Not for loan Home library Current library Shelving location Date acquired Total Checkouts Full call number Barcode Date last seen Copy number Price effective from Koha item type
    Dewey Decimal Classification     London London BRE publications 08/10/2015   BRE 30079032 06/08/2019 1 06/08/2019 Book